Taylor Swift - Devine les chansons par le refrain #10 - Statistiques

Statistiques générales
  • Ce quiz a été pris 183 fois
  • Le résultat moyen est 8 sur 15
Statistiques - réponses
Hint Réponse % Correct
I like shiny things, but I'd marry you with ***Uh-huh, that's right Darling, you're the one I want, and I hate accidents, except when we went from friends to this Uh-huh, that's right Darling, you're the one I want In ***, in picture frames, in dirty dreams Oh, you're the one I want Paper Rings
93%
You know I love a ***I enjoy walkin' Camden Market in the afternoon He likes my American smile, like a child when our eyes meet Darling, I fancy you Took me back to Highgate, met all of his best mates So I guess all the rumors are true You know I love a *** Boy, I fancy you (Ooh) London Boy
86%
Goodbye, goodbye, goodbyeYou were *** You were more than just a short time And I've got a lot to pine about I've got a lot to live without I'm never gonna meet What could've been, would've been What should've been you What could've been, would've been you Bigger Than The Whole Sky
81%
Thinkin', "How much sad did you think I hadDid you think I had in me?" Oh, the tragedy *** You'll find someone So Long, London
81%
But we were something, don't you think so?Roaring twenties, tossing pennies in the pool And if my wishes came true It would've been you In my defense, I have none For never leaving well enough alone But it would've been fun If you would've been *** (Ooh) the 1
81%
Do you remember, we were sittin' there by the water?You put your arm around me for the first time You made a rebel of a careless man's careful daughter You are the best thing that's ever been *** Mine
78%
"I want you for worse or for betterI would wait forever and ever Broke your heart, I'll put it back together I would wait forever and ever" And that's how it works That's ***, oh And that's how it works That's *** How You Get The Girl
60%
And all at once, you are the one I have been waitin' for***, body and soul, woah And all at once, you're all I want, I'll never let you go ***, body and soul, woah King Of My Heart
60%
All that time you were throwin' punches, I was buildin' somethin'And I can't forgive the way you made me feel Screamed, "***" to the night sky as the blood was gushin' But I can't forget the way you made me heal Thank You Aimee
50%
We had a beautiful, magic love thereWhat a *** love affair Sad Beautiful Tragic
37%
I've got some tricks up my sleeveTakes one to know one You're a *** Cowboy Like Me
29%
You don't have to call anymoreI won't pick up the phone This is the last straw Don't wanna hurt anymore And you can tell me that you're sorry But I don't believe you, baby, like I did before *** No, no, no, no You’re Not Sorry
28%
Oh, what a shame, what a rainy endingGiven to a perfect day Just walk away, ain't no use defending Words that you will never say And now that I'm sitting here thinking it through I've never been anywhere *** Cold As You
22%
So dim that spotlight, tell me things like"I can't keep my eyes off of you" I'm no one special, just another wide-eyed girl Who's desperately in love with you Give me a photograph to hang on my wall *** Superstar
20%
Wake up and smell the breakupFix my heart, put on my makeup Another mess I didn't plan And I'll bet you thought you'd beat me Wish you could only see I got an "*** question mark" Written on the back of my hand I Heart?
14%
Aucun quiz correspondant
Distribution des résultats
% des personnes avec chaque résultat
Percentile par nombre de réponses
Votre historique - résultats
Vous n’avez pas pris ce quiz